[Event "Heusenstamm Sparkassen op-B 6th"]
[Site "Heusenstamm"]
[Date "2019.11.23"]
[Round "5"]
[White "Peschk, Kathrin"]
[Black "Moissl, Julian"]
[Result "1-0"]
[WhiteElo "1411"]
[BlackElo "915"]
[PlyCount "55"]
[EventDate "2019.11.21"]
[EventType "swiss"]
[EventRounds "7"]
[EventCountry "GER"]
[SourceTitle "CBM 194 Extra"]
[Source "ChessBase"]
[SourceDate "2020.03.31"]
[SourceVersion "1"]
[SourceVersionDate "2020.03.31"]
[SourceQuality "1"]

1. e4 e5 2. Nf3 Nc6 3. Bc4 Bc5 4. c3 Nf6 5. d4 Bd6 6. Nbd2 0-0 7. 0-0 b6 8. Re1 Bb7 9. b4 Re8 10. Qb3 Qe7 11. d5 Nd8 12. Bd3 c6 13. Bc4 b5 14. dxc6 Bxc6 15. Bd3 Ne6 16. Rb1 Rac8 17. c4 bxc4 18. Bxc4 Rb8 19. a3 Bb5 20. Bb2 Bxc4 21. Nxc4 Nc7 22. Bxe5 Bxe5 23. Ncxe5 Rb6 24. Rbc1 d6 25. Nc4 Rb5 26. Nd4 Rb7 27. Nf5 Qd7 28. Nfxd6 1-0

[Event "Wiesbaden op 31st"]
[Site "Wiesbaden"]
[Date "2019.08.25"]
[Round "6"]
[White "Hagner, Bennet"]
[Black "Peschk, Kathrin"]
[Result "1-0"]
[WhiteElo "1847"]
[BlackElo "1359"]
[PlyCount "71"]
[EventDate "2019.08.22"]
[EventType "swiss"]
[EventRounds "7"]
[EventCountry "GER"]
[SourceTitle "EXT 2020"]
[Source "ChessBase"]
[SourceDate "2019.10.17"]
[SourceVersion "1"]
[SourceVersionDate "2019.10.17"]
[SourceQuality "1"]

1. e4 e5 2. Nf3 Nc6 3. Bb5 Bc5 4. 0-0 d6 5. c3 Bd7 6. d4 exd4 7. cxd4 Bb6 8. Nc3 Nge7 9. Bg5 0-0 10. Nd5 h6 11. Bxc6 hxg5 12. Nxe7+ Qxe7 13. Bxd7 Qxd7 14. Nxg5 g6 15. h4 Qb5 16. Qd2 Ba5 17. Qc2 Rfe8 18. a4 Qd7 19. f3 Re7 20. Kh1 f6 21. Nh3 Rh7 22. b4 Bxb4 23. Qc4+ Kg7 24. Qxb4 Rxh4 25. Qd2 Rah8 26. Kg1 R8h6 27. Qe2 Kf8 28. f4 Qh7 29. Rf3 Rxh3 30. gxh3 Rxh3 31. Qg2 Rh4 32. e5 f5 33. Raf1 Rh6 34. Rb3 b6 35. exd6 cxd6 36. Qa8+ 1-0

[Event "Rhein Main op-B 22nd"]
[Site "Bad Homburg"]
[Date "2019.06.20"]
[Round "2"]
[White "Wu, Sifan"]
[Black "Peschk, Kathrin"]
[Result "1-0"]
[WhiteElo "1612"]
[BlackElo "1399"]
[PlyCount "99"]
[EventDate "2019.06.19"]
[EventType "swiss"]
[EventRounds "7"]
[EventCountry "GER"]
[SourceTitle "EXT 2020"]
[Source "ChessBase"]
[SourceDate "2019.10.17"]
[SourceVersion "1"]
[SourceVersionDate "2019.10.17"]
[SourceQuality "1"]

1. e4 e5 2. Nf3 Nc6 3. Bb5 Bc5 4. 0-0 d6 5. c3 Nf6 6. d3 Bd7 7. Bg5 Qe7 8. Re1 h6 9. Bh4 g5 10. Bg3 0-0-0 11. d4 exd4 12. Nxd4 Nxd4 13. Bxd7+ Nxd7 14. cxd4 Bb6 15. a4 Ba5 16. Re3 a6 17. Nd2 Nb6 18. Nb3 Nc4 19. Nxa5 Nxa5 20. Rc1 Nc6 21. Qd2 Kb8 22. b4 h5 23. h3 h4 24. Bh2 Qd7 25. d5 Ne5 26. Bxe5 dxe5 27. Rec3 c6 28. Qxg5 cxd5 29. Qxe5+ Ka7 30. Qd4+ Kb8 31. exd5 Qxa4 32. Qf4+ Ka7 33. Qxf7 Qxb4 34. Rc7 Qb5 35. Qg7 Rhf8 36. Qd4+ Ka8 37. Qxh4 Qxd5 38. R7c5 Qd2 39. Qg3 Ka7 40. R5c2 Qd7 41. Qe3+ Kb8 42. Rb1 Qd6 43. Rcb2 Rf7 44. Qe4 Rdd7 45. Rb6 Qc5 46. Rxa6 Qxf2+ 47. Kh2 Rde7 48. Rxb7+ Rxb7 49. Qe8+ Kc7 50. Rc6# 1-0

[Event "Eschborn op"]
[Site "Eschborn"]
[Date "2018.10.05"]
[Round "1"]
[White "Juhnke, Peter"]
[Black "Peschk, Kathrin"]
[Result "1-0"]
[WhiteElo "1743"]
[BlackElo "1349"]
[PlyCount "61"]
[EventDate "2018.10.05"]
[EventType "swiss"]
[EventRounds "5"]
[EventCountry "GER"]
[SourceTitle "CBM 187 Extra"]
[Source "ChessBase"]
[SourceDate "2018.11.04"]
[SourceVersion "1"]
[SourceVersionDate "2018.11.04"]
[SourceQuality "1"]

1. e4 e5 2. f4 exf4 3. Nf3 g5 4. h4 g4 5. Ne5 Qe7 6. Nxg4 Qxe4+ 7. Qe2 Qxe2+ 8. Bxe2 d6 9. d4 Bg7 10. c3 Nf6 11. Nxf6+ Bxf6 12. Bxf4 Rg8 13. Bf3 Nc6 14. Nd2 Bf5 15. 0-0-0 0-0-0 16. Ne4 Bxe4 17. Bxe4 d5 18. Bf3 Rde8 19. Bxd5 Re2 20. Bf3 Re7 21. g4 Bg7 22. Rhe1 Rge8 23. Rxe7 Rxe7 24. Kd2 Kd7 25. Re1 Rxe1 26. Kxe1 b6 27. Kd2 Ne7 28. Kd3 c6 29. g5 Nd5 30. Bd2 b5 31. Be4 1-0

[Event "Frankfurt-chB"]
[Site "Frankfurt"]
[Date "2018.05.28"]
[Round "4"]
[White "Peschk, Kathrin"]
[Black "Thaler, Regina"]
[Result "1-0"]
[WhiteElo "1234"]
[BlackElo "1097"]
[PlyCount "77"]
[EventDate "2018.04.30"]
[EventType "swiss"]
[EventRounds "7"]
[EventCountry "GER"]
[SourceTitle "EXT 2019"]
[Source "ChessBase"]
[SourceDate "2018.10.10"]
[SourceVersion "1"]
[SourceVersionDate "2018.10.10"]
[SourceQuality "1"]

1. e4 d6 2. d4 Nd7 3. Nc3 c6 4. Nf3 g6 5. Bc4 b5 6. Bb3 Bg7 7. Be3 a5 8. a3 a4 9. Ba2 Bh6 10. Ng5 Bxg5 11. Bxg5 h6 12. Be3 Ngf6 13. Qd2 Ng4 14. h3 Nxe3 15. Qxe3 Bb7 16. e5 dxe5 17. dxe5 e6 18. 0-0-0 Qb6 19. Rhe1 Qxe3+ 20. Rxe3 0-0 21. Rxd7 Bc8 22. Rc7 Ra6 23. Ne4 Rb6 24. Nf6+ Kg7 25. f4 b4 26. axb4 Rxb4 27. g3 Rd8 28. c3 Rb6 29. Kc2 Ra6 30. Rd3 Rf8 31. g4 a3 32. b4 Rb6 33. h4 Ba6 34. Rdd7 Bb5 35. Bxe6 c5 36. Rxf7+ Rxf7 37. Rxf7+ Kh8 38. Rf8+ Kg7 39. Rg8# 1-0

[Event "Frankfurt-chB"]
[Site "Frankfurt"]
[Date "2018.05.07"]
[Round "2"]
[White "Landvoigt, Martin"]
[Black "Peschk, Kathrin"]
[Result "1/2-1/2"]
[WhiteElo "1218"]
[BlackElo "1234"]
[PlyCount "118"]
[EventDate "2018.04.30"]
[EventType "swiss"]
[EventRounds "7"]
[EventCountry "GER"]
[SourceTitle "EXT 2019"]
[Source "ChessBase"]
[SourceDate "2018.10.10"]
[SourceVersion "1"]
[SourceVersionDate "2018.10.10"]
[SourceQuality "1"]

1. d4 f5 2. Bf4 d5 3. Nf3 Nf6 4. h3 e6 5. e3 Nbd7 6. a3 Ne4 7. Nbd2 Ndf6 8. c4 c6 9. Ne5 Bd7 10. c5 Nxd2 11. Qxd2 Ne4 12. Qe2 Nf6 13. Qd3 Be7 14. Be2 0-0 15. 0-0 Be8 16. b4 Bh5 17. b5 Bxe2 18. Qxe2 Nd7 19. bxc6 Nxe5 20. cxb7 Rb8 21. Bxe5 Rxb7 22. Qa6 Qc8 23. c6 Rb2 24. Qxa7 Bf6 25. Bd6 Rd8 26. Qc5 Re8 27. c7 Rb7 28. Rab1 Qa8 29. Rfc1 Rc8 30. Rxb7 Qxb7 31. Be7 Kf7 32. Bxf6 gxf6 33. Qd6 e5 34. Qxd5+ Qxd5 35. Rc5 Qa2 36. dxe5 fxe5 37. f4 exf4 38. Rxf5+ Ke6 39. Rxf4 Rxc7 40. a4 Qa1+ 41. Kh2 Qe5 42. a5 Qxe3 43. Rf3 Qe5+ 44. Rg3 Ra7 45. h4 Rxa5 46. Kh3 Qf5+ 47. Kh2 Ra1 48. Re3+ Kd5 49. Rg3 Kd6 50. Rg5 Qf1 51. Kh3 Qh1+ 52. Kg3 Ra3+ 53. Kg4 Qxg2+ 54. Kh5 Qe2+ 55. Kh6 Rh3 56. Kxh7 Rxh4+ 57. Kg7 Qe7+ 58. Kg6 Ke6 59. Re5+ Kxe5 1/2-1/2

[Event "Rhein Main op-B 20th"]
[Site "Bad Homburg"]
[Date "2017.06.17"]
[Round "6"]
[White "Berg, Rainer"]
[Black "Peschk, Kathrin"]
[Result "0-1"]
[WhiteElo "1547"]
[BlackElo "1303"]
[PlyCount "84"]
[EventDate "2017.06.14"]
[EventType "swiss"]
[EventRounds "7"]
[EventCountry "GER"]
[SourceTitle "EXT 2018"]
[Source "ChessBase"]
[SourceDate "2017.10.13"]
[SourceVersion "1"]
[SourceVersionDate "2017.10.13"]
[SourceQuality "1"]

1. e4 e5 2. Nf3 Nc6 3. d4 exd4 4. Nxd4 Bc5 5. Nxc6 bxc6 6. Qf3 Qf6 7. Qxf6 Nxf6 8. f3 0-0 9. c3 Re8 10. b4 Bb6 11. Nd2 d5 12. Bd3 Bf5 13. Kd1 dxe4 14. fxe4 Nxe4 15. Nxe4 Bxe4 16. Bxe4 Rxe4 17. Re1 Rxe1+ 18. Kxe1 Re8+ 19. Kd1 Be3 20. Bxe3 Rxe3 21. Kd2 Re7 22. a4 Rd7+ 23. Kc2 Re7 24. Kb3 Kf8 25. Ra2 a6 26. Kc4 Re5 27. Rd2 Ke7 28. h3 f5 29. g3 g5 30. Rd3 h5 31. Rf3 Ke6 32. Rd3 Rd5 33. Re3+ Re5 34. Rxe5+ Kxe5 35. Kc5 f4 36. gxf4+ gxf4 37. c4 f3 38. b5 cxb5 39. cxb5 axb5 40. a5 f2 41. a6 f1Q 42. Kc6 Qf6+ 0-1

[Event "Rhein Main op-B 20th"]
[Site "Bad Homburg"]
[Date "2017.06.15"]
[Round "2"]
[White "Pyshny, Anton"]
[Black "Peschk, Kathrin"]
[Result "1-0"]
[WhiteElo "1672"]
[BlackElo "1303"]
[PlyCount "151"]
[EventDate "2017.06.14"]
[EventType "swiss"]
[EventRounds "7"]
[EventCountry "GER"]
[SourceTitle "EXT 2018"]
[Source "ChessBase"]
[SourceDate "2017.10.13"]
[SourceVersion "1"]
[SourceVersionDate "2017.10.13"]
[SourceQuality "1"]

1. e4 e5 2. Nf3 Nc6 3. Bc4 Bc5 4. c3 d6 5. d4 exd4 6. cxd4 Bb4+ 7. Bd2 Bxd2+ 8. Nbxd2 Bg4 9. h3 Bh5 10. Qb3 Rb8 11. 0-0 h6 12. Rfe1 Nge7 13. Qc3 0-0 14. Re3 d5 15. Bd3 Bg6 16. Rae1 a6 17. Nb3 dxe4 18. Bxe4 Bxe4 19. Rxe4 Nd5 20. Qd2 b6 21. a3 Qd7 22. Ne5 Nxe5 23. dxe5 Qe6 24. Nd4 Qg6 25. e6 f5 26. Re5 Ne7 27. Qc3 c5 28. Nf3 Qf6 29. R5e3 Qxc3 30. Rxc3 Rbd8 31. Ne5 Rd2 32. Nd7 Rd8 33. Nxb6 Rxb2 34. Nd7 Ra2 35. Rd1 Kh8 36. Rd6 a5 37. Ra6 Rb2 38. Rxa5 Rb7 39. Raxc5 g5 40. Ne5 Kg7 41. Nf7 Rd1+ 42. Kh2 Rbb1 43. Ne5 f4 44. g3 Rh1+ 45. Kg2 Rbg1+ 46. Kf3 Rxh3 47. Kg4 Rgh1 48. gxf4 Rh4+ 49. Kf3 R1h3+ 50. Ke2 Rxc3 51. Rxc3 Rxf4 52. Rf3 Re4+ 53. Re3 Rf4 54. Nd7 h5 55. Re5 Kg6 56. Nb6 Rf8 57. a4 h4 58. a5 h3 59. Kf1 g4 60. Kg1 Nc6 61. e7 Re8 62. Re6+ Kf7 63. Rxc6 Rxe7 64. Kh2 Re2 65. Kg3 Ra2 66. Rc5 h2 67. Kxh2 Rxf2+ 68. Kg3 Ra2 69. Kxg4 Ke6 70. Kf4 Kd6 71. Rh5 Kc6 72. Ke4 Kb7 73. Kd4 Ka6 74. Nc4 Ra4 75. Rh6+ Kb5 76. Rb6# 1-0

[Event "Regionalliga SW 1617 (Women)"]
[Site "Germany"]
[Date "2016.10.23"]
[Round "1.4"]
[White "Elpelt, Silvia"]
[Black "Peschk, Kathrin"]
[Result "0-1"]
[WhiteElo "1399"]
[BlackElo "1298"]
[PlyCount "90"]
[EventDate "2016.10.23"]
[EventType "team-tourn"]
[EventRounds "5"]
[EventCountry "GER"]
[SourceTitle "EXT 2018"]
[Source "ChessBase"]
[SourceDate "2017.10.13"]
[SourceVersion "1"]
[SourceVersionDate "2017.10.13"]
[SourceQuality "1"]
[WhiteTeam "Eschborn (W)"]
[BlackTeam "Gernsheim (W)"]
[WhiteTeamCountry "GER"]
[BlackTeamCountry "GER"]

1. e4 e5 2. Nf3 Nc6 3. Nc3 Bc5 4. Bc4 Nf6 5. h3 d6 6. d3 0-0 7. Bg5 Be6 8. Nd5 Bxd5 9. Bxd5 Rb8 10. 0-0 Nd4 11. c3 Ne6 12. Bxe6 fxe6 13. Qe2 Qe7 14. Rad1 Rbd8 15. d4 exd4 16. cxd4 h6 17. Bh4 g5 18. dxc5 gxh4 19. Nxh4 dxc5 20. Ng6 Qe8 21. Nxf8 Kxf8 22. Qe3 b6 23. Qxh6+ Kf7 24. e5 Nd5 25. Qh7+ Kf8 26. Rd3 Rd7 27. Rf3+ Rf7 28. Qh6+ Ke7 29. Qh4+ Kd7 30. Rxf7+ Qxf7 31. Qa4+ Kc8 32. Qxa7 Qf5 33. Qa6+ Kb8 34. Qe2 Qg5 35. Qe4 Nf4 36. Kh2 Nd5 37. g3 Qd2 38. a4 Qxb2 39. Kg1 Nc3 40. Qc6 Ne2+ 41. Kg2 Qxe5 42. Rd1 Nd4 43. Qe8+ Kb7 44. a5 Qd5+ 45. Kf1 Qh1# 0-1

[Event "Rhein Main op-B 19th"]
[Site "Bad Homburg"]
[Date "2016.05.28"]
[Round "5"]
[White "Boerkey, Luis"]
[Black "Peschk, Kathrin"]
[Result "1-0"]
[WhiteElo "1589"]
[BlackElo "1306"]
[PlyCount "87"]
[EventDate "2016.05.25"]
[EventType "swiss"]
[EventRounds "7"]
[EventCountry "GER"]
[SourceTitle "EXT 2017"]
[Source "ChessBase"]
[SourceDate "2016.10.25"]
[SourceVersion "1"]
[SourceVersionDate "2016.10.25"]
[SourceQuality "1"]

1. d4 f5 2. g3 Nf6 3. Bg2 d5 4. Nf3 e6 5. 0-0 Be7 6. Nc3 c6 7. Ne5 Nbd7 8. Bf4 0-0 9. f3 Nh5 10. Nxd7 Bxd7 11. Be5 Nf6 12. e4 fxe4 13. fxe4 Be8 14. Qd2 Bg6 15. Rae1 Qd7 16. a3 Rf7 17. exd5 exd5 18. Rf2 Raf8 19. Ref1 Bd8 20. Ne2 Ne8 21. Nf4 Bf5 22. Nd3 Bxd3 23. Rxf7 Rxf7 24. Qxd3 Rxf1+ 25. Qxf1 Qf7 26. Bh3 Qxf1+ 27. Kxf1 Nf6 28. Bc8 b6 29. c3 Ne4 30. Ke2 Kf8 31. Bb7 Bg5 32. Bf4 Bxf4 33. gxf4 Nd6 34. Bxc6 Nc4 35. Bxd5 Nxb2 36. Bb3 a5 37. Kd2 a4 38. Bd5 b5 39. Kc2 Nc4 40. Bxc4 bxc4 41. Kd2 Ke7 42. Ke3 Ke6 43. Ke4 Kd6 44. d5 1-0

[Event "Rhein Main op-B 19th"]
[Site "Bad Homburg"]
[Date "2016.05.28"]
[Round "6"]
[White "Peschk, Kathrin"]
[Black "Jacobsen, Steen"]
[Result "0-1"]
[WhiteElo "1306"]
[BlackElo "1768"]
[PlyCount "92"]
[EventDate "2016.05.25"]
[EventType "swiss"]
[EventRounds "7"]
[EventCountry "GER"]
[SourceTitle "EXT 2017"]
[Source "ChessBase"]
[SourceDate "2016.10.25"]
[SourceVersion "1"]
[SourceVersionDate "2016.10.25"]
[SourceQuality "1"]

1. f4 d5 2. Nf3 c6 3. d4 Nf6 4. e3 Bg4 5. Be2 Bxf3 6. Bxf3 e6 7. c3 Nbd7 8. 0-0 Ne4 9. Nd2 f5 10. Be2 Ndf6 11. Nf3 Be7 12. Ne5 Nd7 13. Bd2 Nxe5 14. fxe5 g6 15. c4 Bh4 16. Be1 0-0 17. Rf4 Bxe1 18. Qxe1 g5 19. Rf1 g4 20. c5 Qg5 21. Bd3 Rad8 22. Bxe4 dxe4 23. Rf4 Rxd4 24. Rxg4 Qxg4 25. exd4 Rf7 26. Qg3 h5 27. Qxg4+ hxg4 28. Kf2 Kg7 29. Ke3 Kh6 30. Kf4 Rg7 31. g3 Kg6 32. Re1 Kf7 33. Rd1 Ke8 34. Re1 Kd8 35. b4 Kc7 36. Rb1 Rg8 37. Rb2 b6 38. b5 bxc5 39. dxc5 cxb5 40. Rxb5 Rd8 41. Ra5 Rd3 42. Rxa7+ Kc6 43. Ra6+ Kxc5 44. Rxe6 Rf3+ 45. Kg5 e3 46. Ra6 e2 0-1

[Event "Rhein Main op-B 19th"]
[Site "Bad Homburg"]
[Date "2016.05.26"]
[Round "2"]
[White "Peschk, Kathrin"]
[Black "Goodwin, David"]
[Result "0-1"]
[WhiteElo "1306"]
[BlackElo "1505"]
[PlyCount "90"]
[EventDate "2016.05.25"]
[EventType "swiss"]
[EventRounds "7"]
[EventCountry "GER"]
[SourceTitle "EXT 2017"]
[Source "ChessBase"]
[SourceDate "2016.10.25"]
[SourceVersion "1"]
[SourceVersionDate "2016.10.25"]
[SourceQuality "1"]

1. f4 c5 2. Nf3 g6 3. e3 Bg7 4. d4 Nf6 5. c3 cxd4 6. exd4 0-0 7. Bd3 e6 8. 0-0 Nc6 9. Be3 Nd5 10. Qe1 Qc7 11. Ne5 Nxe3 12. Qxe3 d6 13. Nxc6 bxc6 14. Nd2 d5 15. Nb3 Qb6 16. Rab1 Qc7 17. Nc5 a5 18. a3 Bh6 19. Qe5 Qe7 20. Rf3 Bg7 21. Qe1 Ra7 22. Qf2 Qd6 23. Qg3 Re7 24. Re3 Rfe8 25. Rbe1 f5 26. Rf3 e5 27. fxe5 Bxe5 28. dxe5 Qxc5+ 29. Qf2 Qxf2+ 30. Rxf2 Rxe5 31. Rfe2 Rxe2 32. Rxe2 Rxe2 33. Bxe2 Kf7 34. Kf2 Ke6 35. Ke3 Ke5 36. g3 g5 37. Bd3 h6 38. b3 c5 39. Be2 Bb7 40. Bb5 f4+ 41. gxf4+ gxf4+ 42. Ke2 d4 43. cxd4+ Kxd4 44. Bc4 Bd5 45. Bxd5 Kxd5 0-1

[Event "Frankfurt-chB"]
[Site "Frankfurt"]
[Date "2015.06.15"]
[Round "7"]
[White "Dolaberidze, Nico"]
[Black "Peschk, Kathrin"]
[Result "1-0"]
[WhiteElo "1097"]
[BlackElo "1156"]
[PlyCount "41"]
[EventDate "2015.04.27"]
[EventType "swiss"]
[EventRounds "7"]
[EventCountry "GER"]
[SourceTitle "EXT 2016"]
[Source "ChessBase"]
[SourceDate "2015.10.08"]
[SourceVersion "1"]
[SourceVersionDate "2015.10.08"]
[SourceQuality "1"]

1. e4 e5 2. Nf3 Nc6 3. d4 exd4 4. Nxd4 Bc5 5. Be3 Qf6 6. c3 Nge7 7. Be2 d5 8. Bf3 Be6 9. Nxe6 Bxe3 10. Nxc7+ Kd7 11. Nxd5 Bxf2+ 12. Kxf2 Nxd5 13. Qxd5+ Ke7 14. Rg1 Rad8 15. Qc5+ Ke8 16. Qf5 Qh4+ 17. g3 Qxh2+ 18. Rg2 Qh6 19. Qf4 g5 20. Qe3 Rd1 21. Bxd1 1-0